[Event "Cappelle-la-Grande"]
[Site "Cappelle-la-Grande (FRA)"]
[Date "2013.02.25"]
[Round "3.50"]
[White "Miezis, Normunds"]
[Black "Draskovic, Luka"]
[Result "1-0"]
[WhiteElo "2572"]
[BlackElo "2293"]
[PlyCount "101"]
[EventDate "2013.??.??"]

1. c4 e5 2. Nc3 Bb4 3. g3 Bxc3 4. dxc3 d6 5. e4 Nc6 6. Bg2 Be6 7. Qe2 Qd7 8. h3
Nge7 9. Nf3 h6 10. Nd2 a6 11. b3 O-O 12. Bb2 Rab8 13. Nf1 b5 14. Ne3 bxc4 15.
Nxc4 a5 16. Ne3 Nd8 17. Ba3 a4 18. b4 Nc8 19. f4 exf4 20. gxf4 f5 21. exf5 Bxf5
22. Nxf5 Rxf5 23. O-O Nb6 24. Rae1 Nf7 25. c4 d5 26. Rd1 c6 27. c5 Na8 28. Qg4
h5 29. Qg3 Nh6 30. Qg6 Re8 31. b5 Re6 32. bxc6 Qxc6 33. Qg3 Rg6 34. Qf2 Nc7 35.
Kh1 Kh7 36. Bb2 Ne6 37. Be5 Nxc5 38. Rxd5 Ne6 39. Rd6 Qc4 40. Bd5 Qd3 41. Bg2
Qc4 42. Rc6 Qb5 43. Qc2 Nf8 44. Rb1 Qa5 45. Be4 Rxc6 46. Qxc6 Ng6 47. Qc2 Ne7
48. Qc3 Qxc3 49. Bxc3 Ng6 50. Bxf5 Nxf5 51. Rb4 1-0

[Event "Cappelle-la-Grande"]
[Site "Cappelle-la-Grande (FRA)"]
[Date "2013.02.25"]
[Round "3.51"]
[White "Fuchs, Judith"]
[Black "Cornette, Matthieu"]
[Result "1/2-1/2"]
[WhiteElo "2292"]
[BlackElo "2567"]
[PlyCount "123"]
[EventDate "2013.??.??"]

1. e4 c5 2. Nf3 Nc6 3. d4 cxd4 4. Nxd4 e5 5. Nb5 d6 6. N1c3 a6 7. Na3 Be7 8.
Nc4 b5 9. Ne3 Nf6 10. Ned5 Nxd5 11. Nxd5 O-O 12. Be3 Be6 13. Be2 Bg5 14. O-O
Bxd5 15. Qxd5 Nb4 16. Qd2 Bxe3 17. Qxb4 Bd4 18. c3 Bc5 19. Qb3 Rb8 20. a3 Kh8
21. Qc2 f5 22. exf5 Qg5 23. b4 Bb6 24. Rad1 Rbd8 25. Qe4 Qxf5 26. Qxf5 Rxf5 27.
Bf3 Rf4 28. Rfe1 g5 29. h3 Kg7 30. Rd3 h5 31. Re4 Rf6 32. Re2 Rdf8 33. Rdd2 Kh6
34. Kf1 R8f7 35. Ke1 Rg7 36. Re4 Rfg6 37. Bd1 g4 38. hxg4 hxg4 39. f3 Rf6 40.
fxg4 Kg5 41. Bf3 Rc7 42. Rd3 Rh6 43. Kd2 Rc4 44. Re2 Bc7 45. Bb7 a5 46. Ba6
axb4 47. axb4 Rxg4 48. Bxb5 Rh1 49. Bd7 Rf4 50. Rf3 Ra1 51. Be6 Bb6 52. Bd5 Rh4
53. Rg3+ Kf6 54. Rf3+ Kg5 55. Rg3+ Kf6 56. Rh3 Rxh3 57. gxh3 Rg1 58. Rg2 Rxg2+
59. Bxg2 Ke6 60. c4 Kf5 61. Kd3 Bf2 62. Bd5 1/2-1/2

[Event "Cappelle-la-Grande"]
[Site "Cappelle-la-Grande (FRA)"]
[Date "2013.02.25"]
[Round "3.53"]
[White "Valuet, Bertrand"]
[Black "Ulibin, Mikhail"]
[Result "0-1"]
[WhiteElo "2290"]
[BlackElo "2521"]
[PlyCount "78"]
[EventDate "2013.??.??"]

1. d4 e6 2. e4 d5 3. Nd2 Nf6 4. e5 Nfd7 5. Ngf3 c5 6. c3 Nc6 7. Bd3 Be7 8. O-O
a5 9. a4 cxd4 10. cxd4 Nb4 11. Nb1 Nb8 12. Nc3 Bd7 13. Nb5 N8a6 14. Be2 O-O 15.
Bd2 Nc7 16. Bxb4 axb4 17. Nxc7 Qxc7 18. Rc1 Qa5 19. b3 Rfc8 20. Qd3 Rc3 21.
Rxc3 bxc3 22. Bd1 b5 23. Bc2 g6 24. h4 bxa4 25. bxa4 Rc8 26. Qe3 Qb4 27. Rb1
Qa3 28. Rb7 Bxa4 29. Ra7 Bxc2 30. Rxa3 Bxa3 31. Qh6 Bf8 32. Qc1 Bf5 33. Ne1 c2
34. Nxc2 Rxc2 35. Qf4 h5 36. f3 Rc4 37. g4 hxg4 38. fxg4 Bc5 39. Kh2 Rxd4 0-1

[Event "Cappelle-la-Grande"]
[Site "Cappelle-la-Grande (FRA)"]
[Date "2013.02.25"]
[Round "3.54"]
[White "Andreev, Eduard"]
[Black "Gajek, Radoslaw"]
[Result "1-0"]
[WhiteElo "2514"]
[BlackElo "2273"]
[PlyCount "69"]
[EventDate "2013.??.??"]

1. e4 c5 2. Nf3 d6 3. d4 cxd4 4. Nxd4 Nf6 5. Nc3 a6 6. Be3 e6 7. f3 b5 8. Qd2
Nbd7 9. g4 h6 10. O-O-O b4 11. Nce2 Qc7 12. h4 Ne5 13. Ng3 Nfd7 14. b3 Bb7 15.
Bh3 Nc5 16. f4 Ned7 17. Rhe1 Be7 18. Bf2 Bxh4 19. Bg2 Bxg3 20. Bxg3 Nf6 21. e5
Nfe4 22. exd6 Qd7 23. Bxe4 Nxe4 24. Rxe4 Bxe4 25. f5 Bd5 26. Be5 f6 27. Bxf6
O-O 28. Be7 Rf7 29. Qxb4 a5 30. Qb5 Qxb5 31. Nxb5 Rb8 32. Nc7 Bc6 33. fxe6 Rxe7
34. dxe7 Rb7 35. Rd7 1-0

[Event "Cappelle-la-Grande"]
[Site "Cappelle-la-Grande (FRA)"]
[Date "2013.02.25"]
[Round "3.55"]
[White "Kanep, Meelis"]
[Black "Lorscheid, Gerhard"]
[Result "1/2-1/2"]
[WhiteElo "2508"]
[BlackElo "2264"]
[PlyCount "43"]
[EventDate "2013.??.??"]

1. d4 d6 2. Bg5 g6 3. e4 Bg7 4. Nc3 a6 5. f4 b5 6. Nf3 Bb7 7. Bd3 Nd7 8. e5 f6
9. Bh4 Nh6 10. O-O O-O 11. e6 Nb6 12. Be4 Bxe4 13. Nxe4 Nd5 14. Qd2 Nf5 15. Bf2
Bh6 16. g3 Ng7 17. Rfe1 Nxe6 18. Nc3 Nxc3 19. Qxc3 Qd7 20. d5 Nd8 21. Nd4 f5
22. Re2 1/2-1/2

[Event "Cappelle-la-Grande"]
[Site "Cappelle-la-Grande (FRA)"]
[Date "2013.02.25"]
[Round "3.56"]
[White "Collas, Silvia"]
[Black "Bernadskiy, Vitaliy"]
[Result "0-1"]
[WhiteElo "2286"]
[BlackElo "2503"]
[PlyCount "72"]
[EventDate "2013.??.??"]

1. c4 g6 2. g3 Bg7 3. Bg2 c5 4. Nc3 Nc6 5. a3 a6 6. b4 cxb4 7. axb4 Nxb4 8. d4
Bxd4 9. Bb2 Nc6 10. Qd2 Bg7 11. Nf3 Nf6 12. O-O O-O 13. Nd5 Ne4 14. Qc2 Bxb2
15. Qxb2 d6 16. Nd4 Nxd4 17. Bxe4 Ne6 18. Rfd1 Nc5 19. Bg2 Be6 20. Nb6 Rb8 21.
h4 Nd7 22. Nd5 Bxd5 23. cxd5 Nc5 24. h5 Qd7 25. Rd4 Qf5 26. g4 Qf6 27. Rad1 b5
28. Qa3 a5 29. f4 b4 30. Qg3 b3 31. g5 Qg7 32. h6 Qh8 33. e3 b2 34. Qe1 a4 35.
Be4 Nxe4 36. Rxe4 a3 0-1

[Event "Cappelle-la-Grande"]
[Site "Cappelle-la-Grande (FRA)"]
[Date "2013.02.25"]
[Round "3.57"]
[White "Naumkin, Igor"]
[Black "Sgircea, Silvia-Raluca"]
[Result "1-0"]
[WhiteElo "2495"]
[BlackElo "2263"]
[PlyCount "59"]
[EventDate "2013.??.??"]

1. d4 d5 2. c4 dxc4 3. Nf3 Nf6 4. e3 e6 5. Bxc4 c5 6. O-O a6 7. a4 Nc6 8. Qe2
Qc7 9. Nc3 Be7 10. h3 O-O 11. d5 exd5 12. Bxd5 Nb4 13. Bc4 b6 14. e4 Bb7 15. e5
Nfd5 16. Ne4 Qc6 17. Ng3 Qg6 18. Bd2 Rad8 19. Rac1 h6 20. Rfe1 Kh8 21. e6 fxe6
22. Ne5 Qe8 23. Qg4 Kh7 24. Qe4+ g6 25. Bxb4 cxb4 26. Bd3 Rg8 27. h4 Ba8 28. h5
Nf6 29. hxg6+ Kg7 30. Qh4 1-0

[Event "Cappelle-la-Grande"]
[Site "Cappelle-la-Grande (FRA)"]
[Date "2013.02.25"]
[Round "3.58"]
[White "Lefebvre, Herve"]
[Black "Wirig, Anthony"]
[Result "0-1"]
[WhiteElo "2286"]
[BlackElo "2490"]
[PlyCount "48"]
[EventDate "2013.??.??"]

1. d4 Nf6 2. c4 g6 3. Nc3 d5 4. Nf3 Bg7 5. Bf4 O-O 6. Rc1 Be6 7. e3 c5 8. cxd5
Nxd5 9. Nxd5 Qxd5 10. Bc4 Qd7 11. Bxe6 Qxe6 12. Rxc5 Qxa2 13. Bxb8 Rfxb8 14.
Qc2 b6 15. Rc4 b5 16. Rc7 a5 17. O-O a4 18. Ne5 Bxe5 19. dxe5 b4 20. Rxe7 Re8
21. Rb7 a3 22. Rxb4 Reb8 23. Qe4 axb2 24. e6 Qxe6 0-1

[Event "Cappelle-la-Grande"]
[Site "Cappelle-la-Grande (FRA)"]
[Date "2013.02.25"]
[Round "3.59"]
[White "Wagner, Dennis"]
[Black "Kulon, Klaudia"]
[Result "1-0"]
[WhiteElo "2481"]
[BlackElo "2262"]
[PlyCount "77"]
[EventDate "2013.??.??"]

1. d4 d5 2. c4 e6 3. Nf3 c6 4. e3 Bd6 5. Bd3 f5 6. O-O Nf6 7. b3 Qe7 8. Bb2 O-O
9. Qc1 Nbd7 10. Ba3 c5 11. cxd5 Nxd5 12. Nc3 Nxc3 13. Qxc3 b6 14. Qc2 Bb7 15.
Qe2 Rae8 16. Bb5 e5 17. dxc5 bxc5 18. Qc4+ Kh8 19. Bxd7 Qxd7 20. Bxc5 Bxf3 21.
gxf3 Bxc5 22. Qxc5 Qb7 23. Qc2 Rf6 24. Qe2 Rh6 25. Kh1 Rh3 26. Kg2 Rh4 27. Rg1
g5 28. Kf1 h6 29. Rg2 Rh3 30. Rd1 Rxf3 31. Qd3 Re7 32. Qd6 Kg7 33. h4 Rh3 34.
hxg5 Rh1+ 35. Ke2 Rxd1 36. gxh6+ Kf8 37. h7 Rh1 38. Rg8+ Kf7 39. Qg6# 1-0

[Event "Cappelle-la-Grande"]
[Site "Cappelle-la-Grande (FRA)"]
[Date "2013.02.25"]
[Round "3.60"]
[White "Migot, Tangi"]
[Black "Semcesen, Daniel"]
[Result "1/2-1/2"]
[WhiteElo "2284"]
[BlackElo "2479"]
[PlyCount "122"]
[EventDate "2013.??.??"]

1. e4 e5 2. Nf3 Nc6 3. Nc3 Nf6 4. d4 exd4 5. Nxd4 Bb4 6. Nxc6 bxc6 7. Bd3 d6 8.
O-O Qe7 9. h3 Nd7 10. Na4 O-O 11. a3 Ba5 12. f4 Bb6+ 13. Nxb6 axb6 14. Be3 c5
15. Re1 Bb7 16. Bf2 Bc6 17. Qh5 g6 18. Qh6 f6 19. Bc4+ Kh8 20. Bd5 Bxd5 21.
exd5 Qg7 22. Qxg7+ Kxg7 23. c4 Rfe8 24. a4 f5 25. Rxe8 Rxe8 26. Re1 Kf7 27.
Rxe8 Kxe8 28. Bh4 Nb8 29. Kf2 c6 30. Ke3 Kd7 31. Bf6 Na6 32. dxc6+ Kxc6 33. Bc3
d5 34. Kd3 Nc7 35. Bd2 h6 36. h4 Ne8 37. b4 dxc4+ 38. Kxc4 Nd6+ 39. Kd3 Ne4 40.
Be3 cxb4 41. Kc4 Nc3 42. Bd2 Nxa4 43. Bxb4 b5+ 44. Kd4 Nb2 45. Bf8 h5 46. Ke5
Nd3+ 47. Kf6 Nxf4 48. g3 Ne2 49. Kxg6 Nxg3 50. Kg5 Kd5 51. Kf4 Ne4 52. Kxf5
Nd6+ 53. Kg6 b4 54. Kxh5 b3 55. Bg7 Nf5 56. Ba1 Ke4 57. Kg5 Nxh4 58. Kxh4 Kd3
59. Kg4 Kc2 60. Bf6 b2 61. Bxb2 Kxb2 1/2-1/2

[Event "Cappelle-la-Grande"]
[Site "Cappelle-la-Grande (FRA)"]
[Date "2013.02.25"]
[Round "3.61"]
[White "Vedmediuc, Serghei"]
[Black "Bernard, Christophe"]
[Result "0-1"]
[WhiteElo "2472"]
[BlackElo "2250"]
[PlyCount "94"]
[EventDate "2013.??.??"]

1. e4 c5 2. Nf3 d6 3. d4 cxd4 4. Nxd4 Nf6 5. Nc3 Nc6 6. Bg5 e6 7. Qd2 Be7 8.
O-O-O O-O 9. f3 d5 10. Bb5 Nxd4 11. Qxd4 dxe4 12. Qe5 Qa5 13. Bd2 Bd7 14. Nd5
Qxb5 15. Nxe7+ Kh8 16. Qd6 Ng8 17. Nxg8 Kxg8 18. Bc3 Bc6 19. fxe4 Qg5+ 20. Kb1
Rad8 21. Qb4 Rxd1+ 22. Rxd1 Qxg2 23. Qd4 f6 24. Re1 Qxh2 25. Qxa7 Rd8 26. a4
Qh5 27. Qg1 Kf7 28. b3 Bxe4 29. Kb2 Qd5 30. Qe3 Bf5 31. Re2 Qc6 32. Rf2 Rd7 33.
Rf4 g5 34. Rc4 Qg2 35. Bb4 Kg6 36. Qb6 Qd5 37. Qf2 h5 38. Bc3 Qd1 39. Bb4 h4
40. Qc5 Rf7 41. Qc8 Qd7 42. Qb8 e5 43. Ba5 Kg7 44. Bc3 h3 45. Bxe5 fxe5 46.
Qxe5+ Kh7 47. Qg3 Qd2 0-1

[Event "Cappelle-la-Grande"]
[Site "Cappelle-la-Grande (FRA)"]
[Date "2013.02.25"]
[Round "3.64"]
[White "Kalinina, Olga"]
[Black "Drasko, Milan"]
[Result "0-1"]
[WhiteElo "2279"]
[BlackElo "2459"]
[PlyCount "60"]
[EventDate "2013.??.??"]

1. e4 e6 2. Nf3 d5 3. Nc3 Nf6 4. e5 Nfd7 5. d4 c5 6. dxc5 Nc6 7. Bf4 Nxc5 8.
Qd2 a6 9. O-O-O b5 10. Bg5 Qc7 11. Qe3 b4 12. Ne2 Ne4 13. Bf4 Qa5 14. Kb1 Bc5
15. Nfd4 Nxd4 16. Nxd4 Nc3+ 17. bxc3 bxc3 18. Nb3 Bxe3 19. Nxa5 Bxf4 20. Re1
Bd7 21. Nb3 a5 22. g3 Bg5 23. Nd4 Rb8+ 24. Ka1 Be7 25. Nb5 Bxb5 26. Rb1 Bb4 27.
a3 Bc4 28. axb4 axb4 29. Rd1 Kd7 30. Kb1 Ra8 0-1

[Event "Cappelle-la-Grande"]
[Site "Cappelle-la-Grande (FRA)"]
[Date "2013.02.25"]
[Round "3.65"]
[White "Daulyte, Deimante"]
[Black "Abergel, Thal"]
[Result "1/2-1/2"]
[WhiteElo "2262"]
[BlackElo "2445"]
[PlyCount "75"]
[EventDate "2013.??.??"]

1. e4 e5 2. Nf3 d6 3. d4 exd4 4. Nxd4 Nf6 5. Nc3 Be7 6. Bc4 O-O 7. O-O c6 8. a4
Nxe4 9. Nxe4 d5 10. Bd3 dxe4 11. Bxe4 Bf6 12. Be3 Re8 13. Qd3 g6 14. Rad1 Qe7
15. Bf3 Nd7 16. Rfe1 Ne5 17. Qe2 Nxf3+ 18. Qxf3 Bg7 19. Bd2 Qf8 20. Rxe8 Qxe8
21. Bc3 h5 22. h3 Qf8 23. Qf4 Qc5 24. Nb3 Qe7 25. Re1 Qd8 26. Bxg7 Kxg7 27. Nc5
b6 28. Ne4 Bf5 29. Qe5+ f6 30. Qc3 Bxe4 31. Rxe4 Qd1+ 32. Re1 Qd7 33. Qe3 Rf8
34. a5 bxa5 35. Qc5 Rf7 36. Qxa5 Qd4 37. Qa3 c5 38. Qe3 1/2-1/2

[Event "Cappelle-la-Grande"]
[Site "Cappelle-la-Grande (FRA)"]
[Date "2013.02.25"]
[Round "3.66"]
[White "Bailet, Pierre"]
[Black "Shvayger, Yuliya"]
[Result "1-0"]
[WhiteElo "2440"]
[BlackElo "2232"]
[PlyCount "71"]
[EventDate "2013.??.??"]

1. e4 c5 2. Nf3 d6 3. d4 cxd4 4. Nxd4 Nf6 5. Bd3 Nc6 6. Nxc6 bxc6 7. O-O g6 8.
b3 Bg7 9. Bb2 O-O 10. c4 a5 11. Nc3 d5 12. exd5 cxd5 13. Nxd5 Nxd5 14. Bxg7
Kxg7 15. Be4 Nc7 16. Bxa8 Nxa8 17. Qxd8 Rxd8 18. Rfd1 Rxd1+ 19. Rxd1 Nc7 20.
Rd8 Be6 21. Rb8 a4 22. Rb7 Na6 23. Rxe7 Nc5 24. bxa4 Nd7 25. Re8 Bxc4 26. a5
Kf6 27. a3 h5 28. f3 Bb5 29. Kf2 Nc5 30. Rb8 Ba6 31. Ke3 Ke5 32. Rb6 Bf1 33. g3
Ne6 34. a6 Nc7 35. Kf2 Bd3 36. a7 1-0

[Event "Cappelle-la-Grande"]
[Site "Cappelle-la-Grande (FRA)"]
[Date "2013.02.25"]
[Round "3.67"]
[White "Olsarova, Tereza"]
[Black "Mcdonald, Neil"]
[Result "0-1"]
[WhiteElo "2255"]
[BlackElo "2433"]
[PlyCount "50"]
[EventDate "2013.??.??"]

1. e4 e6 2. Nf3 d5 3. e5 Bd7 4. a3 c5 5. b4 c4 6. d3 b5 7. c3 a5 8. Bb2 Nc6 9.
a4 bxa4 10. b5 Na7 11. dxc4 dxc4 12. Bxc4 Nxb5 13. O-O Bc5 14. Qe2 Qb6 15. Ng5
Ne7 16. Rd1 Bc6 17. Rxa4 O-O 18. Bd3 Ng6 19. Rg4 Rfd8 20. Nd2 Bxf2+ 21. Kh1 Qe3
22. Nde4 Qxe2 23. Bxe2 Rxd1+ 24. Bxd1 h5 25. c4 Nc7 0-1

[Event "Cappelle-la-Grande"]
[Site "Cappelle-la-Grande (FRA)"]
[Date "2013.02.25"]
[Round "3.68"]
[White "Whiteley, Andrew J"]
[Black "Song, Julien"]
[Result "0-1"]
[WhiteElo "2251"]
[BlackElo "2422"]
[PlyCount "138"]
[EventDate "2013.??.??"]

1. d4 Nf6 2. c4 e6 3. Nc3 Bb4 4. Qc2 O-O 5. e4 d6 6. Bd3 Nc6 7. d5 Nd4 8. Qa4
a5 9. f3 b5 10. cxb5 exd5 11. Be3 dxe4 12. fxe4 Ne6 13. Nf3 Ng4 14. Bg1 Nc5 15.
Qc2 Nxd3+ 16. Qxd3 Bxc3+ 17. Qxc3 Re8 18. O-O-O Bb7 19. h3 Nf6 20. e5 Ne4 21.
Qc4 Qe7 22. Bd4 d5 23. Qd3 c5 24. bxc6 Bxc6 25. Kb1 Reb8 26. Rc1 Qb7 27. Rc2
Ba4 28. Rcc1 Nf2 29. Qa3 Nxh1 30. Qxa4 Ng3 31. e6 fxe6 32. Be5 Ne4 33. Bxb8
Rxb8 34. b3 Rc8 35. Qxa5 Rxc1+ 36. Kxc1 h6 37. Kb2 Kh7 38. a4 Nd6 39. Qc3 Ne4
40. Qd3 Qb4 41. Qd4 Qa5 42. Ka3 Qa6 43. b4 Qf1 44. Qb2 Nd6 45. Qc2+ Kg8 46. b5
Nc4+ 47. Kb4 Qa1 48. Qc3 Qb1+ 49. Kc5 Qf5 50. Qe1 Qf8+ 51. Kd4 Qf6+ 52. Kc5
Qe7+ 53. Kd4 Qa7+ 54. Kc3 e5 55. Qd1 Qe3+ 56. Qd3 Qc5 57. Qg6 Qa3+ 58. Kc2
Qxa4+ 59. Kc1 Qa1+ 60. Kc2 Qb2+ 61. Kd1 Ne3+ 62. Ke1 Nxg2+ 63. Kd1 Qb3+ 64. Kc1
Qxf3 65. b6 Qc3+ 66. Kb1 Nf4 67. Qd6 Qb3+ 68. Kc1 Nd3+ 69. Kd2 Qb4+ 0-1

[Event "Cappelle-la-Grande"]
[Site "Cappelle-la-Grande (FRA)"]
[Date "2013.02.25"]
[Round "3.69"]
[White "Fayard, Alain"]
[Black "Collas, Didier"]
[Result "1-0"]
[WhiteElo "2238"]
[BlackElo "2404"]
[PlyCount "27"]
[EventDate "2013.??.??"]

1. d4 d5 2. Bg5 h6 3. Bh4 c6 4. e3 Qb6 5. Qc1 e5 6. Nf3 exd4 7. exd4 Ne7 8. Bd3
Nf5 9. O-O Nxd4 10. Re1+ Ne6 11. Ne5 Bd6 12. Ng4 Qd4 13. Bf5 h5 14. Qg5 1-0

[Event "Cappelle-la-Grande"]
[Site "Cappelle-la-Grande (FRA)"]
[Date "2013.02.25"]
[Round "3.70"]
[White "Andrenko, Irina"]
[Black "Piscopo, Pierluigi"]
[Result "1/2-1/2"]
[WhiteElo "2228"]
[BlackElo "2403"]
[PlyCount "46"]
[EventDate "2013.??.??"]

1. e4 c5 2. Nf3 Nc6 3. c3 d5 4. exd5 Qxd5 5. d4 Bg4 6. Be2 cxd4 7. cxd4 e6 8.
O-O Qa5 9. Nc3 Bb4 10. Bd2 Nge7 11. a3 Bxc3 12. bxc3 O-O 13. h3 Bh5 14. a4 Rac8
15. Rb1 Qc7 16. Rb5 Bg6 17. c4 Rfd8 18. Bc3 Nf5 19. Qa1 a6 20. Rb3 Na5 21. Rb4
Nc6 22. Rb3 Na5 23. Rb4 Nc6 1/2-1/2

[Event "Cappelle-la-Grande"]
[Site "Cappelle-la-Grande (FRA)"]
[Date "2013.02.25"]
[Round "3.71"]
[White "Sequera Paolini, Jose"]
[Black "Lokander, Martin"]
[Result "0-1"]
[WhiteElo "2396"]
[BlackElo "2231"]
[PlyCount "50"]
[EventDate "2013.??.??"]

1. e4 e5 2. Nc3 Nf6 3. f4 d5 4. fxe5 Nxe4 5. Qf3 f5 6. d3 Nxc3 7. bxc3 d4 8.
cxd4 Qxd4 9. Rb1 Nc6 10. Ne2 Qa4 11. Kd1 Qxa2 12. Nc3 Qf7 13. Qe3 Bb4 14. d4 f4
15. Qd2 Bg4+ 16. Ke1 O-O-O 17. Rxb4 Nxb4 18. Nb5 Nc6 19. c3 f3 20. Qf4 f2+ 21.
Qxf2 Qb3 22. Qd2 Nxe5 23. Nxa7+ Kb8 24. Nb5 Nc4 25. Qd3 Rhf8 0-1

[Event "Cappelle-la-Grande"]
[Site "Cappelle-la-Grande (FRA)"]
[Date "2013.02.25"]
[Round "3.72"]
[White "Ionica, Iulia-Ionela"]
[Black "Massoni, Michael"]
[Result "1/2-1/2"]
[WhiteElo "2214"]
[BlackElo "2395"]
[PlyCount "55"]
[EventDate "2013.??.??"]

1. e4 c5 2. Nf3 d6 3. d4 cxd4 4. Nxd4 Nf6 5. Nc3 e6 6. Be2 Be7 7. O-O O-O 8.
Be3 Nc6 9. f4 Bd7 10. Kh1 Nxd4 11. Bxd4 Bc6 12. Bd3 Nd7 13. Qe2 e5 14. Be3 exf4
15. Bxf4 Ne5 16. Rad1 Bf6 17. Bb5 Qe7 18. Nd5 Bxd5 19. Rxd5 Rad8 20. Rfd1 a6
21. Ba4 Bg5 22. Bxe5 dxe5 23. Rxd8 Rxd8 24. Rxd8+ Qxd8 25. Bb3 Qd2 26. Qxd2
Bxd2 27. Bd5 b6 28. g3 1/2-1/2

[Event "Cappelle-la-Grande"]
[Site "Cappelle-la-Grande (FRA)"]
[Date "2013.02.25"]
[Round "3.73"]
[White "Mouhamad, Joachin"]
[Black "Manea, Alexandru"]
[Result "1/2-1/2"]
[WhiteElo "2209"]
[BlackElo "2386"]
[PlyCount "158"]
[EventDate "2013.??.??"]

1. e4 c5 2. Nc3 Nc6 3. f4 e6 4. Nf3 d5 5. Bb5 dxe4 6. Bxc6+ bxc6 7. Nxe4 Ba6 8.
d3 c4 9. d4 Nf6 10. Qe2 Nxe4 11. Qxe4 Qd5 12. Qxd5 exd5 13. Kf2 f6 14. Bd2 Kf7
15. a3 Bc8 16. Nh4 Bd6 17. Bb4 Bxf4 18. Rae1 Re8 19. Rxe8 Kxe8 20. Re1+ Kd8 21.
g3 Bc7 22. Be7+ Kd7 23. Nf5 Rb8 24. b4 cxb3 25. cxb3 Rxb3 26. Nxg7 Rb2+ 27. Kf3
Ba5 28. Re3 Bd2 29. Re6 Rb3+ 30. Kg2 Re3 31. Rxe3 Bxe3 32. Bc5 a5 33. Kf3 Bc1
34. Kg4 Bh6 35. Nh5 Ke8+ 36. Kf3 Kf7 37. Nf4 Bf5 38. Ke3 Bf8 39. Bxf8 Kxf8 40.
Ne2 Ke7 41. Nc1 Bc2 42. Kd2 Ba4 43. Nd3 Bb5 44. Nc5 a4 45. Ke3 Kf7 46. Kf4 Kg6
47. h3 Kg7 48. Kf5 Kf7 49. g4 Ke7 50. Kf4 Kf7 51. Kf5 Ke7 52. g5 fxg5 53. Kxg5
Kf7 54. Kf5 Ke7 55. Kg5 Kf7 56. Kf5 Ke7 57. Kg5 Kf7 58. h4 Kg7 59. h5 h6+ 60.
Kf5 Kf7 61. Ke5 Ke7 62. Kf5 Kf7 63. Ke5 Ke7 64. Kf5 Kf7 65. Nd7 Be2 66. Nc5
Bxh5 67. Nxa4 Be2 68. Nc5 h5 69. a4 h4 70. Kf4 Kf6 71. Nd7+ Ke6 72. Nc5+ Kf6
73. Nd7+ Ke6 74. Nc5+ Kd6 75. a5 Kc7 76. Ke3 Bg4 77. Kf2 Bc8 78. Kg1 Bg4 79.
Kh2 Bc8 1/2-1/2

[Event "Cappelle-la-Grande"]
[Site "Cappelle-la-Grande (FRA)"]
[Date "2013.02.25"]
[Round "3.74"]
[White "Hortensius, Lisa"]
[Black "Pulvett, Daniel"]
[Result "0-1"]
[WhiteElo "2158"]
[BlackElo "2385"]
[PlyCount "72"]
[EventDate "2013.??.??"]

1. e4 c5 2. Nf3 d6 3. d4 cxd4 4. Nxd4 Nf6 5. Nc3 a6 6. Be3 e6 7. f3 b5 8. Qd2
b4 9. Nce2 e5 10. Nb3 Nc6 11. g4 h6 12. O-O-O Be6 13. h4 Qc7 14. Ng3 a5 15. Kb1
a4 16. Nc1 d5 17. g5 d4 18. gxf6 dxe3 19. fxg7 exd2 20. gxh8=Q dxc1=R+ 21. Rxc1
a3 22. Bb5 Ra5 23. Nh5 Rxb5 24. Nf6+ Ke7 25. Ng8+ Kd6 26. Nf6 Rb8 27. f4 axb2
28. Rcd1+ Kc5 29. Nd5 Qa5 30. Qg8 Ra8 31. Kxb2 Qxa2+ 32. Kc1 Qa1+ 33. Kd2 Qd4+
34. Ke2 Qxe4+ 35. Ne3 Nd4+ 36. Kd2 exf4 0-1

[Event "Cappelle-la-Grande"]
[Site "Cappelle-la-Grande (FRA)"]
[Date "2013.02.25"]
[Round "3.75"]
[White "Georgiadis, Nico"]
[Black "Iwanow, Anna"]
[Result "1-0"]
[WhiteElo "2380"]
[BlackElo "2216"]
[PlyCount "109"]
[EventDate "2013.??.??"]

1. e4 e5 2. Nf3 Nc6 3. Nc3 Nf6 4. g3 d5 5. exd5 Nxd5 6. Bg2 Nxc3 7. bxc3 Be7 8.
Qe2 O-O 9. O-O Bf6 10. d3 Re8 11. Qe4 g6 12. Nd2 Bg7 13. Rb1 Ne7 14. Qh4 Rb8
15. Ne4 Nf5 16. Qxd8 Rxd8 17. Bg5 Rf8 18. Nc5 b6 19. Rfe1 h6 20. Bd2 Nd6 21. c4
Nf5 22. Bc3 Nd4 23. Bxd4 exd4 24. Re7 Bf5 25. Na6 Rbe8 26. Rbe1 Rxe7 27. Rxe7
Bf6 28. Rxc7 Re8 29. Bd5 Re1+ 30. Kg2 Be7 31. Rxa7 Kf8 32. Nb8 Re2 33. Nc6 Bc5
34. Rxf7+ Ke8 35. Rh7 Rxc2 36. Rh8+ Kd7 37. g4 Be6 38. Bxe6+ Kxe6 39. Rxh6 Kf6
40. h4 Kg7 41. g5 Re2 42. h5 gxh5 43. a4 Ra2 44. Ne5 Rd2 45. Rg6+ Kh7 46. Rc6
Ra2 47. Rc7+ Kg8 48. Rd7 Rxa4 49. f4 Ra2+ 50. Kg3 Re2 51. g6 Re1 52. Kh4 Rh1+
53. Kg5 Bf8 54. Kf6 Rg1 55. Rd8 1-0

[Event "Cappelle-la-Grande"]
[Site "Cappelle-la-Grande (FRA)"]
[Date "2013.02.25"]
[Round "3.77"]
[White "Clery, Nicolas"]
[Black "Guedon, Stephane"]
[Result "1-0"]
[WhiteElo "2373"]
[BlackElo "2212"]
[PlyCount "75"]
[EventDate "2013.??.??"]

1. d4 d5 2. c4 c6 3. Nc3 Nf6 4. e3 g6 5. Qc2 Bf5 6. Qb3 Qb6 7. cxd5 Qxb3 8.
axb3 Nxd5 9. Nxd5 cxd5 10. Bd2 Bg7 11. Ne2 O-O 12. Nc3 Rd8 13. Na4 Nc6 14. Bb5
e5 15. Nc5 Ne7 16. Nxb7 Rdb8 17. Nd6 exd4 18. Nxf5 gxf5 19. Ba4 dxe3 20. Bxe3
Bxb2 21. Rd1 Rb4 22. O-O f4 23. Bc5 Re4 24. Rfe1 Bf6 25. b4 a6 26. Rxe4 dxe4
27. Rd7 a5 28. Bxe7 Bxe7 29. Rxe7 axb4 30. Re8+ Rxe8 31. Bxe8 b3 32. Bc6 e3 33.
fxe3 fxe3 34. Kf1 Kg7 35. Be4 h6 36. Ke2 Kf6 37. Kxe3 Ke5 38. Bb1 1-0

[Event "Cappelle-la-Grande"]
[Site "Cappelle-la-Grande (FRA)"]
[Date "2013.02.25"]
[Round "3.78"]
[White "Shirazi, Kamran"]
[Black "Boizante, Yvain"]
[Result "1-0"]
[WhiteElo "2373"]
[BlackElo "2203"]
[PlyCount "95"]
[EventDate "2013.??.??"]

1. e4 c5 2. Nf3 d6 3. c3 Nf6 4. h3 e6 5. Qc2 Qc7 6. a3 Be7 7. b4 b6 8. d3 Bb7
9. Nbd2 Nbd7 10. Bb2 d5 11. b5 O-O 12. Be2 dxe4 13. dxe4 Qf4 14. c4 Bxe4 15.
Nxe4 Qxe4 16. O-O-O Qxc2+ 17. Kxc2 a6 18. Nd2 a5 19. Bf3 Ra7 20. Bc6 Nb8 21.
Bf3 Nbd7 22. Rhe1 Rd8 23. Nb1 Ne8 24. Nc3 Nd6 25. Be2 Nf6 26. Na4 Nc8 27. Rxd8+
Bxd8 28. Bf3 Kf8 29. Bc6 Re7 30. Rd1 Bc7 31. Be5 Na7 32. Bd6 Nxc6 33. bxc6 Bxd6
34. Rxd6 Rc7 35. Rd8+ Ke7 36. Rb8 Rxc6 37. Nxb6 Nd7 38. Nxd7 Kxd7 39. Ra8 e5
40. Rxa5 f5 41. g3 g5 42. Ra7+ Rc7 43. Rxc7+ Kxc7 44. g4 e4 45. gxf5 h5 46. Kd2
h4 47. Ke2 Kd6 48. f3 1-0

[Event "Cappelle-la-Grande"]
[Site "Cappelle-la-Grande (FRA)"]
[Date "2013.02.25"]
[Round "3.79"]
[White "Bray, Daniel Jose Freire"]
[Black "Tugui, Adrian"]
[Result "0-1"]
[WhiteElo "2078"]
[BlackElo "2370"]
[PlyCount "64"]
[EventDate "2013.??.??"]

1. d4 Nf6 2. c4 e6 3. Nf3 c5 4. Nc3 cxd4 5. Qxd4 Nc6 6. Qd3 d5 7. cxd5 exd5 8.
Nd4 Be7 9. e3 O-O 10. Be2 Ne5 11. Qd1 Bd6 12. Bd2 a6 13. Qb3 b5 14. a4 b4 15.
Nxd5 Bb7 16. Nxb4 a5 17. Nd3 Bxg2 18. Rg1 Bd5 19. Qd1 Nxd3+ 20. Bxd3 Bxh2 21.
Rg5 h6 22. Rf5 g6 23. Bc3 gxf5 24. Nxf5 Re8 25. Nxh6+ Kf8 26. Bb5 Re5 27. Ng4
Nxg4 28. Qxg4 Qg5 29. Qh3 Qh5 30. Qd7 Rg5 31. Be2 Bf3 32. O-O-O Bxe2 0-1

[Event "Cappelle-la-Grande"]
[Site "Cappelle-la-Grande (FRA)"]
[Date "2013.02.25"]
[Round "3.80"]
[White "Soors, Stef"]
[Black "Baptista, Ana Filipa"]
[Result "1-0"]
[WhiteElo "2369"]
[BlackElo "2123"]
[PlyCount "45"]
[EventDate "2013.??.??"]

1. e4 c5 2. Nf3 e6 3. c3 Nf6 4. e5 Nd5 5. d4 cxd4 6. cxd4 d6 7. Bc4 Nb6 8. Bd3
Nc6 9. O-O dxe5 10. dxe5 Nb4 11. Be4 Qxd1 12. Rxd1 N4d5 13. a4 f5 14. exf6 Nxf6
15. Bc2 Bb4 16. Nc3 O-O 17. Bb3 a5 18. Be3 Bxc3 19. bxc3 Nbd5 20. Bd4 Bd7 21.
Ne5 Be8 22. Re1 b5 23. axb5 1-0